| 000 | 00000nam##2200000za#4500 |
| 001 | 9.608625 |
| 003 | CaOODSP |
| 005 | 20220111083332 |
| 007 | ta |
| 008 | 150406|1992||||xxc||||| f|0| 0 eng|d |
| 020 | |a0-662-20057-8 |
| 022 | |a1713-0638 |
| 040 | |aCaOODSP|beng |
| 043 | |an-cn--- |
| 086 | 1 |aNE22-1/1992-7-2E |
| 110 | 1 |aCanada. |bNational Energy Board. |
| 245 | 10|aApplication pursuant to Part I of the National Energy Board Act for the transfer of a licence to export natural gas |
| 260 | |aCalgary - Alberta : |bNational Energy Board |c1992. |
| 490 | 1 |aReasons for decision |x1713-0638 |
| 690 | 07|aPetroleum industry|2gcpds |
| 775 | 08|tDemande en vue du transfert d'une licence d'exportation de gaz naturel, déposée aux termes de la partie I de la Loi sur l'Office national de l'énergie |w(CaOODSP)9.620729 |
| 776 | 0#|tReasons for decision in the matter of AG-Energy L.P., Canadian Hydrocarbons Marketing Inc., Canadian-Montana Pipe Line Company, CanWest Gas Supply Inc., Enserch Development Corporation on behalf of Encogen Northwest L.P., Husky Oil Operations Ltd., Kamine Natural Dam Cogen Co. Inc., Makowski Selkirk Inc. on behalf of Selkirk Cogen Partners II L.P. & ATCOR Ltd., Makowski Selkirk Inc. on behalf of Selkirk Cogen Partners II L.P & Esso Resources Canada, Makowski Selkirk Inc. on behalf of Selkirk Cogen Partners II L.P. & PanCanadian Petroleum Limited, New York State Electric & Gas Corporation, Petro-Canada, TransCanada PipeLines Limited ... Esso Resources Canada Limited/Esso Resources Canada/ Transco Energy Marketing Company/CanStates Gas Marketing, Volume II, gas exports : |w(CaOODSP)9.572380 |
| 830 | #0|aReasons for decision (Canada. National Energy Board)|x1713-0638|w(CaOODSP)9.514808 |
| 986 | |aGH-1-92, vol. 2 |